[Event "LSS No Engine Cup 65 Preliminary 7"]
[Site "LSS email"]
[Date "2012.05.06"]
[Round "?"]
[White "Dixon, Grant"]
[Black "Stadler, Pavel"]
[Result "0-1"]
[WhiteElo "482"]
[BlackElo "1247"]
[PlyCount "46"]
[EventDate "2012.05.07"]
[EventType "tourn (corr)"]
[EventRounds "6"]
[EventCountry "GER"]
[SourceTitle "Telechess CBM 153"]
[Source "ChessBase"]
[SourceDate "2013.03.14"]
[SourceVersion "1"]
[SourceVersionDate "2013.03.14"]
[SourceQuality "1"]

1. d4 d5 2. e3 Bf5 3. Bd3 Bxd3 4. Qxd3 Nf6 5. Nf3 Nc6 6. a4 e6 7. 0-0 Bd6 8. c3 0-0 9. Ng5 h6 10. e4 hxg5 11. Bxg5 dxe4 12. Qh3 e5 13. Bxf6 Qxf6 14. Nd2 exd4 15. Nxe4 Qg6 16. Rae1 dxc3 17. Nxc3 Rae8 18. f3 Ne5 19. Re4 Nd3 20. Rg4 Qe6 21. Ne4 f5 22. Ng5 Qe3+ 23. Rf2 Qxf2+ 0-1

[Event "OP-2012-0-02167"]
[Site "LSS email"]
[Date "2012.04.26"]
[Round "?"]
[White "Fridich, Vaclav Sr"]
[Black "Dixon, Grant"]
[Result "1-0"]
[WhiteElo "1029"]
[BlackElo "482"]
[PlyCount "75"]
[EventDate "2012.04.21"]
[EventType "tourn (corr)"]
[EventRounds "4"]
[EventCountry "GER"]
[SourceTitle "Telechess CBM 153"]
[Source "ChessBase"]
[SourceDate "2013.03.14"]
[SourceVersion "1"]
[SourceVersionDate "2013.03.14"]
[SourceQuality "1"]

1. e4 d5 2. e5 Nc6 3. f4 e6 4. Nf3 f5 5. exf6 Nxf6 6. Bb5 Qd6 7. Ne5 Bd7 8. d4 a6 9. Be2 0-0-0 10. 0-0 h6 11. Nf7 Qe7 12. Nxh8 Be8 13. Re1 g5 14. fxg5 hxg5 15. Bxg5 Qg7 16. Bxf6 Qxf6 17. Bg4 Nxd4 18. c3 Nf5 19. Bh3 Bc5+ 20. Kh1 d4 21. Qg4 Bc6 22. Ng6 Nh6 23. Qxe6+ Qxe6 24. Bxe6+ Kb8 25. Na3 d3 26. Ne5 d2 27. Nxc6+ Ka8 28. Nxd8 dxe1Q+ 29. Rxe1 Be7 30. Nxb7 Kxb7 31. Bd5+ Kc8 32. Rxe7 Nf5 33. Re8+ Kd7 34. Ra8 Kd6 35. c4 c5 36. Rxa6+ Ke5 37. Nc2 Ne7 38. Re6+ 1-0

[Event "OP-2012-0-02167"]
[Site "LSS email"]
[Date "2012.04.26"]
[Round "?"]
[White "Khan, Valery"]
[Black "Dixon, Grant"]
[Result "1-0"]
[WhiteElo "1911"]
[BlackElo "482"]
[PlyCount "57"]
[EventDate "2012.04.21"]
[EventType "tourn (corr)"]
[EventRounds "4"]
[EventCountry "GER"]
[SourceTitle "Telechess CBM 153"]
[Source "ChessBase"]
[SourceDate "2013.03.14"]
[SourceVersion "1"]
[SourceVersionDate "2013.03.14"]
[SourceQuality "1"]

1. d4 d5 2. c4 dxc4 3. e3 e5 4. Bxc4 Nc6 5. Nf3 Bb4+ 6. Nc3 Bxc3+ 7. bxc3 Na5 8. Bxf7+ Kxf7 9. Nxe5+ Ke8 10. Qh5+ g6 11. Nxg6 hxg6 12. Qxh8 Qd5 13. 0-0 Be6 14. e4 Qxe4 15. Bg5 Bc4 16. Rfe1 Be2 17. Qxg8+ Kd7 18. Qxa8 Qg4 19. Qd8+ Kc6 20. Qf6+ Kb5 21. a4+ Kc4 22. Qf7+ Kd3 23. Rad1+ Bxd1 24. Re3+ Kd2 25. Qa2+ Bc2 26. Re2+ Kd3 27. Rd2+ Ke4 28. f3+ Qxf3 29. Qe6# 1-0

[Event "RN-2012-0-00453"]
[Site "LSS email"]
[Date "2012.02.19"]
[Round "?"]
[White "Dixon, Grant"]
[Black "Venturas, Bob"]
[Result "0-1"]
[WhiteElo "500"]
[BlackElo "810"]
[PlyCount "78"]
[EventDate "2012.02.09"]
[EventType "tourn (corr)"]
[EventRounds "6"]
[EventCountry "GER"]
[SourceTitle "Corr 2015"]
[Source "ChessBase"]
[SourceDate "2015.07.17"]
[SourceVersion "1"]
[SourceVersionDate "2015.07.17"]
[SourceQuality "1"]

1. d4 d5 2. Nc3 Nc6 3. Bf4 a6 4. g3 Bf5 5. Bg2 Nb4 6. Rc1 Nf6 7. a3 Nc6 8. Nf3 e6 9. Nh4 Bg6 10. Bg5 Be7 11. Nxg6 fxg6 12. h4 h6 13. Be3 Ng4 14. Qd3 0-0 15. Qxg6 Nxe3 16. Bh3 Nf5 17. Qg4 Ncxd4 18. e3 Nc6 19. Rd1 Ne5 20. Qe4 dxe4 21. Rxd8 Raxd8 22. Nxe4 Nf3+ 23. Ke2 Ne5 24. Rg1 Kh8 25. f4 Nc6 26. Rf1 b6 27. Kf2 Nd6 28. Nd2 e5 29. Ke1 exf4 30. gxf4 Bxh4+ 31. Kd1 Ne4 32. Kc1 Rxd2 33. Bf5 Rxf5 34. Rh1 Bf2 35. b3 Bxe3 36. Kb2 Nd4 37. Re1 Rxc2+ 38. Kb1 Nd2+ 39. Ka1 N4xb3# 0-1

[Event "SN-2012-0-00422"]
[Site "LSS email"]
[Date "2012.02.18"]
[Round "?"]
[White "Holmquist, Marson C"]
[Black "Dixon, Grant"]
[Result "1-0"]
[WhiteElo "536"]
[BlackElo "500"]
[PlyCount "85"]
[EventDate "2012.01.25"]
[EventType "tourn (corr)"]
[EventRounds "6"]
[EventCountry "GER"]
[SourceTitle "Corr 2015"]
[Source "ChessBase"]
[SourceDate "2015.07.17"]
[SourceVersion "1"]
[SourceVersionDate "2015.07.17"]
[SourceQuality "1"]

1. d4 d5 2. c4 b6 3. e3 c5 4. cxd5 Qxd5 5. Nf3 Nf6 6. Qc2 Bf5 7. Bd3 Be4 8. Bxe4 Nxe4 9. Nc3 Nxc3 10. Qxc3 Nd7 11. 0-0 e6 12. dxc5 Bxc5 13. Qxg7 0-0-0 14. Qxf7 Ne5 15. Qxa7 Qd1 16. Qa8+ Kc7 17. Qa7+ Kc8 18. Nxe5 Qd6 19. Qa4 Kb8 20. Nc6+ Kc8 21. e4 Qd7 22. Qa8+ Kc7 23. Bf4+ Bd6 24. Nxd8 Rxd8 25. Qa7+ Kc6 26. Rfc1+ Bc5 27. Qa4+ Kb7 28. Qxd7+ Rxd7 29. a3 Rd4 30. Be3 Rxe4 31. Bxc5 bxc5 32. Rxc5 e5 33. Rd1 Kb6 34. b4 Re2 35. h3 Ra2 36. Rd6+ Kb7 37. Rxe5 Rc2 38. Re7+ Kb8 39. Rxh7 Rc1+ 40. Kh2 Rc8 41. Rdd7 Ka8 42. Ra7+ Kb8 43. Rhb7# 1-0

[Event "LSS No Engine Cup 57 Preliminary 7"]
[Site "LSS email"]
[Date "2012.01.15"]
[Round "?"]
[White "Dixon, Grant"]
[Black "Ustimenko, Aleksandr"]
[Result "0-1"]
[WhiteElo "490"]
[BlackElo "1555"]
[PlyCount "46"]
[EventDate "2012.01.16"]
[EventType "tourn (corr)"]
[EventRounds "6"]
[EventCountry "GER"]
[SourceTitle "Telechess CBM 153"]
[Source "ChessBase"]
[SourceDate "2013.03.14"]
[SourceVersion "1"]
[SourceVersionDate "2013.03.14"]
[SourceQuality "1"]

1. e3 e5 2. d4 e4 3. d5 Nf6 4. Nc3 Be7 5. Qd4 c5 6. Qc4 0-0 7. Nxe4 d6 8. Nxf6+ Bxf6 9. Qe4 Re8 10. Qd3 Na6 11. e4 b5 12. Qg3 Rxe4+ 13. Be2 Nb4 14. f3 Nxc2+ 15. Kd1 Rd4+ 16. Kxc2 Bf5+ 17. Kb3 c4+ 18. Bxc4 bxc4+ 19. Kc3 Qa5+ 20. b4 cxb3+ 21. Kb2 Rd2+ 22. Kxb3 Qc3+ 23. Ka4 Bd7# 0-1

[Event "SN-2011-0-00413"]
[Site "LSS email"]
[Date "2012.01.10"]
[Round "?"]
[White "Pehl, Ferenc"]
[Black "Dixon, Grant"]
[Result "1-0"]
[WhiteElo "923"]
[BlackElo "473"]
[PlyCount "97"]
[EventDate "2011.12.29"]
[EventType "tourn (corr)"]
[EventRounds "6"]
[EventCountry "GER"]
[SourceTitle "Telechess CBM 155"]
[Source "ChessBase"]
[SourceDate "2013.07.16"]
[SourceVersion "1"]
[SourceVersionDate "2013.07.16"]
[SourceQuality "1"]

1. e4 d5 2. exd5 Qxd5 3. Nc3 Qe6+ 4. Qe2 Qxe2+ 5. Bxe2 Nc6 6. Nf3 Nf6 7. 0-0 Bg4 8. h3 Bxf3 9. Bxf3 e5 10. Bxc6+ bxc6 11. a3 Bc5 12. d3 0-0 13. Be3 Bxe3 14. fxe3 Rab8 15. b3 Nd5 16. Nd1 Rbe8 17. e4 Nf6 18. Ne3 Nh5 19. Kh2 f6 20. g3 g5 21. Nf5 Ng7 22. Nxg7 Kxg7 23. g4 Kg6 24. Rf5 Kg7 25. Raf1 a5 26. Kg3 Ra8 27. a4 Rh8 28. Rxf6 Rhf8 29. R6f5 h6 30. R1f2 Rae8 31. h4 h5 32. Rxg5+ Kh6 33. Rxh5+ Kg6 34. Rxf8 Rxf8 35. Rxe5 Kf6 36. Rf5+ Ke7 37. Rxf8 Kxf8 38. Kf4 Kf7 39. h5 Kg7 40. g5 c5 41. Kf5 c6 42. e5 c4 43. bxc4 c5 44. e6 Kf8 45. Kf6 Ke8 46. g6 Kf8 47. h6 Kg8 48. e7 Kh8 49. e8Q# 1-0

[Event "OP-2012-0-01992"]
[Site "LSS email"]
[Date "2012.01.10"]
[Round "?"]
[White "Will, Michael"]
[Black "Dixon, Grant"]
[Result "0-1"]
[WhiteElo "1236"]
[BlackElo "503"]
[PlyCount "33"]
[EventDate "2012.01.05"]
[EventType "tourn (corr)"]
[EventRounds "4"]
[EventCountry "GER"]
[SourceTitle "Corr 2015"]
[Source "ChessBase"]
[SourceDate "2015.07.17"]
[SourceVersion "1"]
[SourceVersionDate "2015.07.17"]
[SourceQuality "1"]

1. Nf3 d5 2. c4 d4 3. g3 Bg4 4. Bg2 Bxf3 5. Bxf3 c5 6. Bxb7 Nd7 7. Bxa8 Qxa8 8. 0-0 Nh6 9. d3 e5 10. Bxh6 gxh6 11. Nd2 Rg8 12. e3 h5 13. exd4 h4 14. dxe5 h3 15. Qf3 Qb8 16. Rae1 Nxe5 17. Qd5 0-1

[Event "LSS No Engine Cup 55 Preliminary 7"]
[Site "LSS email"]
[Date "2011.12.02"]
[Round "?"]
[White "Dixon, Grant"]
[Black "Raines, David T"]
[Result "0-1"]
[WhiteElo "473"]
[BlackElo "1122"]
[PlyCount "60"]
[EventDate "2011.12.03"]
[EventType "tourn (corr)"]
[EventRounds "6"]
[EventCountry "GER"]
[SourceTitle "Telechess CBM 155"]
[Source "ChessBase"]
[SourceDate "2013.07.16"]
[SourceVersion "1"]
[SourceVersionDate "2013.07.16"]
[SourceQuality "1"]

1. e4 c5 2. Nc3 g6 3. Bc4 Bg7 4. Na4 d6 5. c3 a6 6. Qf3 Nf6 7. Ne2 Bd7 8. 0-0 Bxa4 9. b3 Bc6 10. d4 0-0 11. e5 Bxf3 12. a4 Ne8 13. gxf3 d5 14. Bd3 Nc6 15. dxc5 Nxe5 16. f4 Nxd3 17. Rd1 Nxc1 18. Raxc1 e6 19. c4 Nc7 20. Nd4 Qh4 21. Nf3 Qg4+ 22. Kf1 Qxf3 23. Re1 Bf6 24. Re3 Qxf4 25. Rcc3 Bxc3 26. Ke2 d4 27. Rd3 Qe4+ 28. Kd1 Qxd3+ 29. Kc1 Qd2+ 30. Kb1 Qb2# 0-1

[Event "RN-2011-0-00418"]
[Site "LSS email"]
[Date "2011.10.31"]
[Round "?"]
[White "Dixon, Grant"]
[Black "Lebduska, Daniel"]
[Result "0-1"]
[WhiteElo "503"]
[BlackElo "684"]
[PlyCount "78"]
[EventDate "2011.10.11"]
[EventType "tourn (corr)"]
[EventRounds "6"]
[EventCountry "GER"]
[SourceTitle "Telechess CBM 157"]
[Source "ChessBase"]
[SourceDate "2013.11.12"]
[SourceVersion "1"]
[SourceVersionDate "2013.11.12"]
[SourceQuality "1"]

1. e3 e5 2. d4 exd4 3. Qxd4 Nc6 4. Qe4+ Be7 5. Qf3 Nf6 6. Bc4 0-0 7. g4 d6 8. g5 Nd7 9. g6 hxg6 10. Nh3 Nde5 11. Qf4 Bxh3 12. Qg3 Qd7 13. Nd2 Nb4 14. Bb3 Bf5 15. Nf3 Bxc2 16. Nxe5 dxe5 17. Bd2 Nd3+ 18. Ke2 Bxb3 19. axb3 Qb5 20. Ra5 Nf4+ 21. Kf3 Qe2+ 22. Ke4 Qxd2 23. Kxe5 Qxa5+ 24. Ke4 Rfe8 25. exf4 Bh4+ 26. Kf3 Bxg3 27. Kxg3 Qd2 28. f3 Qxb2 29. h4 f5 30. h5 Qxb3 31. hxg6 Qe6 32. Kf2 Qxg6 33. Rg1 Qh5 34. Rg5 Qh2+ 35. Kf1 Qe2+ 36. Kg1 Qxf3 37. Rg2 Re6 38. Kh2 Rh6+ 39. Kg1 Qxf4 0-1

[Event "RN-2011-0-00418"]
[Site "LSS email"]
[Date "2011.10.31"]
[Round "?"]
[White "Schoenbuchner, Gerhard"]
[Black "Dixon, Grant"]
[Result "1-0"]
[WhiteElo "971"]
[BlackElo "503"]
[PlyCount "49"]
[EventDate "2011.10.11"]
[EventType "tourn (corr)"]
[EventRounds "6"]
[EventCountry "GER"]
[SourceTitle "Telechess CBM 157"]
[Source "ChessBase"]
[SourceDate "2013.11.12"]
[SourceVersion "1"]
[SourceVersionDate "2013.11.12"]
[SourceQuality "1"]

1. e4 d5 2. exd5 Qxd5 3. Nc3 Qe6+ 4. Be2 g6 5. Nf3 Bg7 6. 0-0 Nh6 7. d4 0-0 8. Be3 Rd8 9. Nb5 Qb6 10. c3 Nf5 11. Bf4 Bd7 12. Nxc7 Qxb2 13. Nxa8 Qxc3 14. Nc7 Nd6 15. Nd5 Nc6 16. Nxc3 Rc8 17. Bxd6 exd6 18. Nb5 a6 19. Nxd6 b5 20. Nxc8 Bxc8 21. Rc1 Ne7 22. Ne5 Bh6 23. Rxc8+ Nxc8 24. Qb3 Bf4 25. Qxf7+ 1-0

[Event "ZN-2011-0-01704"]
[Site "LSS email"]
[Date "2011.09.30"]
[Round "?"]
[White "Dixon, Grant"]
[Black "Bormann, Hugo"]
[Result "0-1"]
[WhiteElo "423"]
[BlackElo "896"]
[PlyCount "34"]
[EventDate "2011.09.20"]
[EventType "match (corr)"]
[EventRounds "2"]
[EventCountry "GER"]
[SourceTitle "Corr 2015"]
[Source "ChessBase"]
[SourceDate "2015.07.17"]
[SourceVersion "1"]
[SourceVersionDate "2015.07.17"]
[SourceQuality "1"]

1. d4 e6 2. h4 g6 3. e4 Bg7 4. Qe2 Bxd4 5. e5 d6 6. exd6 cxd6 7. Nf3 Bg7 8. h5 b6 9. hxg6 hxg6 10. Rxh8 Bxh8 11. Nc3 Bb7 12. Bg5 Bxc3+ 13. bxc3 Qc7 14. Rd1 Qxc3+ 15. Rd2 Nd7 16. Nd4 e5 17. Kd1 Qa1# 0-1

[Event "RN-2011-0-00411"]
[Site "LSS email"]
[Date "2011.09.30"]
[Round "?"]
[White "Venturas, Bob"]
[Black "Dixon, Grant"]
[Result "1-0"]
[WhiteElo "716"]
[BlackElo "423"]
[PlyCount "47"]
[EventDate "2011.09.15"]
[EventType "tourn (corr)"]
[EventRounds "6"]
[EventCountry "GER"]
[SourceTitle "Telechess CBM 149"]
[Source "ChessBase"]
[SourceDate "2012.07.17"]
[SourceVersion "1"]
[SourceVersionDate "2012.07.17"]
[SourceQuality "1"]

1. e4 d5 2. Qf3 Nf6 3. h3 dxe4 4. Qe3 Nc6 5. Bc4 Be6 6. Bxe6 fxe6 7. Nc3 e5 8. Nxe4 Nxe4 9. Qxe4 Qd5 10. Qxd5 g6 11. Ne2 Rd8 12. Qe6 Rd6 13. Qc8+ Nd8 14. d3 h5 15. Qxc7 Rc6 16. Qxe5 Rh7 17. 0-0 Rxc2 18. Nd4 Nc6 19. Nxc6 Rxc6 20. Bg5 e6 21. Qb8+ Kf7 22. Qxb7+ Be7 23. Qxe7+ Kg8 24. Qe8+ 1-0

[Event "RN-2011-0-00399"]
[Site "LSS email"]
[Date "2011.08.16"]
[Round "?"]
[White "Pinilla Munoz, Sonia"]
[Black "Dixon, Grant"]
[Result "1-0"]
[WhiteElo "1060"]
[BlackElo "423"]
[PlyCount "53"]
[EventDate "2011.07.21"]
[EventType "tourn (corr)"]
[EventRounds "6"]
[EventCountry "GER"]
[SourceTitle "Telechess CBM 149"]
[Source "ChessBase"]
[SourceDate "2012.07.17"]
[SourceVersion "1"]
[SourceVersionDate "2012.07.17"]
[SourceQuality "1"]

1. d4 d5 2. c4 dxc4 3. Nc3 b5 4. e4 Nc6 5. Nf3 g6 6. b3 Bg7 7. e5 e6 8. bxc4 b4 9. Ne4 Bb7 10. Qa4 a5 11. Nc5 Ra7 12. Nxb7 Rxb7 13. Qxc6+ Qd7 14. Qxb7 Ne7 15. Qb8+ Nc8 16. c5 c6 17. Ba6 0-0 18. Bxc8 Rxc8 19. Qd6 Qe8 20. Bg5 h6 21. Bf6 Bxf6 22. exf6 Rd8 23. Qg3 g5 24. Nxg5 hxg5 25. Qxg5+ Kh8 26. Qh6+ Kg8 27. Qg7# 1-0

[Event "SN-2011-0-00372"]
[Site "LSS email"]
[Date "2011.08.14"]
[Round "?"]
[White "Bozic, Deni"]
[Black "Dixon, Grant"]
[Result "1-0"]
[WhiteElo "934"]
[BlackElo "423"]
[PlyCount "83"]
[EventDate "2011.07.30"]
[EventType "tourn (corr)"]
[EventRounds "6"]
[EventCountry "GER"]
[SourceTitle "Telechess CBM 149"]
[Source "ChessBase"]
[SourceDate "2012.07.17"]
[SourceVersion "1"]
[SourceVersionDate "2012.07.17"]
[SourceQuality "1"]

1. e4 d5 2. exd5 Qxd5 3. Nc3 Qe6+ 4. Be2 Qg6 5. Bf3 e6 6. d4 c5 7. Nge2 Bd6 8. 0-0 Nf6 9. dxc5 Bxc5 10. Nf4 Qf5 11. Re1 0-0 12. Be4 Nxe4 13. Nxe4 e5 14. Nxc5 exf4 15. Nd3 Rd8 16. Qe2 Be6 17. Bxf4 Nc6 18. Bg3 Nd4 19. Rad1 Nxe2+ 20. Rxe2 Bc4 21. Bc7 Rd4 22. Re5 Qg6 23. Rde1 f6 24. Re7 Bd5 25. Bg3 h5 26. h3 Bc4 27. Rxb7 Bxd3 28. cxd3 h4 29. Bc7 Re8 30. Rxe8+ Kh7 31. Rbb8 Qf7 32. Rh8+ Kg6 33. Ba5 Qxa2 34. Bc3 Rxd3 35. Rxh4 Rd1+ 36. Kh2 Qe6 37. Rb7 Qd6+ 38. g3 Qd5 39. Rg4+ Kh5 40. Rh4+ Kg5 41. Rxg7+ Kf5 42. Rh5+ 1-0

[Event "SN-2011-0-00372"]
[Site "LSS email"]
[Date "2011.08.14"]
[Round "?"]
[White "Dixon, Grant"]
[Black "Dawkins, Arthur William"]
[Result "0-1"]
[WhiteElo "423"]
[BlackElo "907"]
[PlyCount "64"]
[EventDate "2011.07.30"]
[EventType "tourn (corr)"]
[EventRounds "6"]
[EventCountry "GER"]
[SourceTitle "Telechess CBM 149"]
[Source "ChessBase"]
[SourceDate "2012.07.17"]
[SourceVersion "1"]
[SourceVersionDate "2012.07.17"]
[SourceQuality "1"]

1. e3 d5 2. d4 e6 3. Bb5+ c6 4. Be2 Nf6 5. b4 Bxb4+ 6. Bd2 Bxd2+ 7. Qxd2 0-0 8. Nh3 h6 9. 0-0 Nbd7 10. Nc3 e5 11. dxe5 Nxe5 12. Rad1 Be6 13. Nf4 Bf5 14. Bd3 Nxd3 15. Nxd3 Ne4 16. Nxe4 dxe4 17. Nc5 Qc7 18. Rb1 b6 19. Na6 Qb7 20. Qe2 Bc8 21. Nb4 c5 22. Na6 Qxa6 23. Qxa6 Bxa6 24. Rfd1 Rad8 25. Re1 f5 26. a4 Rd2 27. c3 Rfd8 28. f4 Rc2 29. h3 Rdd2 30. Red1 Rxg2+ 31. Kh1 Rh2+ 32. Kg1 Rcg2# 0-1